000 00775cab a22002055a 4500
001 L144503
008 080723e20080719xxkado f s 000 0 eng d
035 _a(Sirsi) u144503
041 0 _aeng
100 1 _aNeale, Jon
245 0 0 _aFocus
_bStaffordshire and Shropshire
260 _c2008
490 _aEstates Gazette
_v(82) 19 July 2008, 93-103(8)
520 _aContains various sections, including: commentary on the attempts of protestors to curb the development of an eco-town in Curborough; regeneration in Stafford and the development of an improved town centre for Telford.
651 4 _aEngland and Wales
_y1543-
690 _aPROPERTY-COMMERCIAL PROPERTY-COMMERCIAL PROPERTY MARKET
700 1 _aMorrison, Adrian
700 1 _aCunningham, Daniel
942 _n0
999 _c80499
_d80499